Kampania Wrześniowa- prawda czy fałsz? - Statystyki

Ogólne statystyki
  • Ten quiz został rozwiązany 16 razy
  • Średni wynik to 18 z 27
Statystyki odpowiedzi
Zagadnienie Odpowiedź % Poprawnych
Prezydentem Polski podczas Kampanii Wrześniowej był Stanisław Wojciechowski Fałsz
100%
III Rzesza zaatakowała Polskę 1 września 1939 Prawda
100%
To prawda, że Polska kawaleria bohatersko szarżowała na niemieckie brygady pancerne podczas Bitwy nad Bzurą Fałsz
91%
Wolne Miasto Gdańsk zachowało neutralność podczas konfliktu Fałsz
91%
Rolę Naczelnego Wodza pełnił Władysław Anders Fałsz
91%
To prawda, że Hitler przesunął datę rozpoczęcia ataku z 26 sierpnia na 1 września Prawda
91%
Węgrzy odrzucili propozycję ataku na Polskę ze względu na "braterskie" stosunki między oboma państwami Prawda
91%
Ostatnie polskie oddziały poddały się pod koniec września 1939 Fałsz
82%
To prawda, że Polacy bronili Helu przez ponad miesiąc Prawda
82%
To prawda, że Polskie oddziały przypuściły atak na niemieckie miejscowości Prawda
82%
Warszawa była głównie broniona przez cywilów Fałsz
73%
Warszawa upadła głównie przez rozkaz przegrupowania wydany przez Naczelnego Wodza Fałsz
73%
Niemiecka ofensywa miała kryptonim Fall GruB Fałsz
73%
Zdarzało się że wojska Sowieckie były radośnie witane w Polskich miejscowościach Prawda
73%
Prezydent posiadał władzę dyktatorską podczas trwania Kampanii Wrześniowej Fałsz
64%
To prawda, że dowództwo radzieckie przypuściło atak dopiero 17 września ze względu na liczną koncentrację Wojska Polskiego Fałsz
64%
Początkowo Naczelny Sztab jeszcze w 1939 roku opracowywał plan obronny przed ZSRR Prawda
64%
To prawda, że Francja zagwarantowała Polsce niepodległość w sierpniu 1939 Fałsz
55%
Większość sformowanych Polskich armii była nieużyteczna podczas Kampanii Wrześniowej Prawda
55%
Polska Marynarka Wojenna otrzymała rozkaz nieatakowania niemieckich jednostek Prawda
55%
Niemiecki wywiad początkowo nie wiedział o mobilizacji Polskich oddziałów przez lato 1939 Prawda
45%
Zdarzało się, że wojska Niemieckie były radośnie witane w Polskich miejscowościach Prawda
45%
To prawda, że Hitler odwiedził grób Józefa Piłsudskiego po upadku Warszawy w 1939 Prawda
45%
Polska miała serdeczne relacje z III Rzeszą jeszcze na początku 1939 roku Prawda
36%
To prawda, że Polska broniła się dłużej niż Francja Prawda
36%
Polacy mieli dobrze rozwiniętą sieć fortyfikacji w okolicach Warszawy Prawda
36%
Po klęsce Polski w 1939 jej terytorium zostało rozdzielone pomiędzy 4 kraje Prawda
36%
Nie znaleziono quizów pasujących do podanych kryteriów
Rozkład punktacji
Procent ludzi z każdym wynikiem
Percentyl według liczby udzielonych odpowiedzi
Twoja historia wyników
Nie rozwiązałeś tego quizu